00845nam a2200169 a 450000100060000000300090000600800410001504000280005608200170008410000770010124500570017826000470023530000110028250502980029365000520059165000320064318343CO-ViMGA141112s2004 ck r 000 u spa d aCO-ViMGAbspacCO-ViMGA04a336.861 C6541 aComisión de racionalización del gasto y de las finanzas públicas, 10aEl saneamiento fiscal , un compromiso de la sociedad aBogotá, cMinisterio de hacienda, c1997 a6 Vol. aTEMA (I) : Diagnóstico y principales recomendaciones TEMA (II) : Administración del Estado TEMA (III) : Descentralización TEMA (IV) : Sistema de pensiones - Deuda pública TEMA (V) : Seguridad y orden público - Justicia y derechos civiles TEMA (VI) : Infrestructura y gestión fiscal14aCOLOMBIA - HACIENDA PUBLICA - INGRESOS Y GASTOS14aHACIENDA PUBLICA - COLOMBIA